Âm nhạc 7 Sách giáo viên

保存先:
書誌詳細
第一著者: Hoàng, Long
その他の著者: Lê, Minh Châu
フォーマット: 図書
言語:Undetermined
出版事項: H. Giáo dục 2003
主題:
オンライン・アクセス:http://lrc.tdmu.edu.vn/opac/search/detail.asp?aID=2&ID=4704
タグ: タグ追加
タグなし, このレコードへの初めてのタグを付けませんか!
Thư viện lưu trữ: Trung tâm Học liệu Trường Đại học Thủ Dầu Một
LEADER 00641nam a2200217Ia 4500
001 TDMU_4704
008 210410s9999 xx 000 0 und d
082 |a 780.72 
090 |b H407 
100 |a Hoàng, Long 
245 0 |a Âm nhạc 7 
245 0 |b Sách giáo viên 
245 0 |c Hoàng Long 
260 |a H. 
260 |b Giáo dục 
260 |c 2003 
300 |a 88tr 
650 |a Sách lớp 7  |v Giáo viên; Âm nhạc  |x Dạy và học 
700 |a Lê, Minh Châu 
856 |u http://lrc.tdmu.edu.vn/opac/search/detail.asp?aID=2&ID=4704 
980 |a Trung tâm Học liệu Trường Đại học Thủ Dầu Một